00423nam a2200169 a 4500001001300000003000900013005001700022008004100039020002300080082001600103100001700119245003200136260003200168300000900200500003500209650000900244nice12345678IN_TiNIC20260116014043.0070413s2003 lona grp 000 0 eng  a0700712887 c25000a181.45bWHI aWhicher, Ian aYogab The Indian Trasition aLondonbCurzon Press c2003 a206p aincludes index and biblioraphy aYoga